000 01014nam a22003017a 4500
001 BR2012001444
003 BR-BrBNA
005 20230928103902.0
007 ta
008 230509b bl.||||| |||| 00| 0 por d
040 _aBR-BrBNA
_bpor
_cBiblioteca Nacional de Agricultura
041 _a(Por)
072 _aL70
_b8830
090 _ 8830 BR2012001444
100 1 _aCosta, P.M.
110 1 _aUniversidade Federal de Minas Gerais, Belo Horizonte (Brasil). Escola de Veterinária
_0Tese (Mestre em Ciência Aminal)
245 1 _aAvaliação anátomo-clínica do dantroleno sódico no trauma medular agudo experimental em ratos por período prolongado
260 3 _aBelo Horizonte, MG (Brasil):
_c2010.
300 _a55 p.
500 _aSummaries (Eng, Por); Bibliography p. 49-54; 8 illus.; 16 tables
650 _aRATO
650 _aANIMAL DE LABORATÓRIO
650 _aANATOMIA ANIMAL
650 _aMEDULA ESPINAL
650 _aCIRURGIA
909 _a202309
_bLucia
_c55
_dLucia Elande
942 _cBK
999 _c77080
_d77080